| 000 | 00511 a2200157 4500 | ||
|---|---|---|---|
| 082 | _aBICSE-6 | ||
| 100 |
_aMuhammad Nouman Malik _993095 |
||
| 245 |
_aDigital wallet _cMuhammad Nouman Malik |
||
| 260 |
_aIslamabad _bNUST-SEECS _c2012 |
||
| 300 |
_a65p. _b;ill. _c;27cm.+ _eCD ROM |
||
| 500 | _aSupervisors; Mr. Kamran Zaidi, Mr. Abdul Ghafoor | ||
| 563 | _aHB | ||
| 700 |
_aAisha Bibi, Sikandar Ali khan _993096 |
||
| 856 | _u http://10.250.8.41:8080/xmlui/handle/123456789/10744 | ||
| 942 |
_cPR _kBICSE-6 NOU _2ddc |
||
| 999 |
_c11364 _d11364 |
||